Памяти Бориса Николаевича Жеребина; Томский политехник; Вып. 11

Podrobná bibliografie
Parent link:Томский политехник: ежегодный журнал/ Томский политехнический университет (ТПУ), Ассоциация выпускников.— , 1995-
Вып. 11.— 2005.— [С. 82-83]
Hlavní autor: Похолков Ю. П. Юрий Петрович
Další autoři: Козырев М. С. Михаил Степанович
Shrnutí:Заглавие с титульного листа
Электронная версия печатной публикации
Jazyk:ruština
angličtina
Vydáno: 2005
Edice:Памяти товарища
Témata:
On-line přístup:Цветная версия без потери качества
Médium: MixedMaterials Elektronický zdroj Kapitola
KOHA link:https://koha.lib.tpu.ru/cgi-bin/koha/opac-detail.pl?biblionumber=198870

MARC

LEADER 00000nla2a2200000 4500
001 198870
005 20240914063138.0
035 |a (RuTPU)RU\TPU\book\216883 
035 |a RU\TPU\book\216882 
090 |a 198870 
100 |a 20110712d2005 km y0rusy50 ca 
101 0 |a rus  |a eng 
102 |a RU 
135 |a drnn ---uucaa 
181 0 |a i  
182 0 |a b 
200 1 |a Памяти Бориса Николаевича Жеребина  |d [Prof. Boris N. Zherebin]  |f Ю. П. Похолков, М. С. Козырев 
203 |a Текст  |c электронный 
215 |a 1 файл (1.7 Мб) 
225 1 |a Памяти товарища 
300 |a Заглавие с титульного листа 
300 |a Электронная версия печатной публикации 
337 |a Adobe Reader 
461 1 |0 (RuTPU)RU\TPU\book\202435  |t Томский политехник  |o ежегодный журнал  |f Томский политехнический университет (ТПУ), Ассоциация выпускников  |d 1995- 
463 1 |0 (RuTPU)RU\TPU\book\216853  |t Вып. 11  |v [С. 82-83]  |d 2005  |p 83 с. 
510 1 |a [Prof. Boris N. Zherebin]  |z eng 
600 1 |a Жеребин  |b Б. Н.  |c российский промышленный деятель, металлург, Герой Социалистического Труда  |f 1908-2005  |g Борис Николаевич  |c директор Кузнецкого металлургического комбината  |c выпускник горного факультета Сибирского технологического института  |2 stltpush  |3 (RuTPU)RU\TPU\pers\10633 
601 0 2 |a Сибирский технологический институт (СТИ)  |c (Томск)  |c (1923-1930)  |2 stltpush  |3 (RuTPU)RU\TPU\col\5002 
610 1 |a выпускники ТПУ 
610 1 |a Герои Социалистического Труда 
610 1 |a лауреаты Государственной премии 
610 1 |a деятели науки и техники 
610 1 |a персоналии 
610 1 |a биографии 
610 1 |a электронный ресурс 
700 1 |a Похолков  |b Ю. П.  |c специалист в области электротехники, доктор технических наук  |c ректор Томского политехнического университета (1990-2008), профессор  |f 1939-  |g Юрий Петрович  |x TPU  |y Томск  |3 (RuTPU)RU\TPU\pers\10508  |9 2235 
701 1 |a Козырев  |b М. С.  |c специалист в области экономики  |c советник ректора Томского политехнического университета  |c президент Ассоциации выпускников Томского политехнического университета  |f 1936-  |g Михаил Степанович  |3 (RuTPU)RU\TPU\pers\28549  |9 13368 
801 1 |a RU  |b 63413507  |c 20101101 
801 2 |a RU  |b 63413507  |c 20111116  |g RCR 
856 4 |u http://www.lib.tpu.ru/fulltext/v/Tomsk_polytechnic/2005/N11a16.pdf  |z Цветная версия без потери качества 
942 |c CF